| 000 | 02850 a2200241 4500 | ||
|---|---|---|---|
| 001 | 63524 | ||
| 005 | 20260407155933.0 | ||
| 008 | 260407a2025 arg spa d | ||
| 003 | AR-UNSa-BCEJYS | ||
| 040 |
_aAR-UNSa-BCEJYS _bspa _cAR-UNSa-BCEJYS |
||
| 080 |
_a347.4 _xObligaciones. Contratos. Acuerdos. Convenios |
||
| 245 | 1 | 0 | _aObligaciones |
| 020 | _a978-950-20-3131-6 | ||
| 250 | _a2a. ed. | ||
| 264 | 1 |
_aBuenos Aires : _bAbeledo Perrot _c2025 |
|
| 300 |
_axlvii, 1012 p. _c24 cm. |
||
| 505 | _a1. Nociones introductorias - 2. La relación de obligación - 3. Los elementos esenciales de la relación de obligación - 4. Criterios de clasificación. Principios que rigen el cumplimiento - 5. Obligaciones principales y accesorias - 6. Obligaciones civiles, obligaciones naturales y deberes morales o de conciencia relativos - 7. Obligaciones con modalidades - 8. Obligaciones de dar cosas ciertas - 9. Obligaciones de género - 10. Obligaciones relativas a bienes que no son cosas - 11. Obligaciones de dar dinero - 12. obligaciones de hacer y no hacer - 13. obligaciones alternativas - 14. Obligaciones facultativas - 15. Obligaciones de medios y de resultado - 16. Obligaciones de sujetos únicos y sujetos plurales. obligaciones divisibles e indivisibles - 17. Obligaciones simplemente mancomunadas y solidarias - 18. Obligaciones concurrentes. Obligaciones disyuntivas - 19. Los efectos de las obligaciones - 20. Reconocimiento de las obligaciones - 21. Cumplimiento(pago) e incumplimiento obligacional. Conceptuación y caracterización - 22. Régimen general del pago o cumplimiento - 23. Cumplimiento forzado de las obligaciones a instancias del acreedor - 24. Cumplimiento de las obligaciones a instancias del deudor. El pago por consignación - 25. Incumplimiento obligacional. Teoría general - 26. Incumplimiento obligacional imputable al deudor - 27. Incumplimiento obligacional imputable al acreedor - 28. Incumpliento obligacional no imputable a las partes - 29. La garantía patrimonial del acreedor - 30. Medidas de tutela preventiva del crédito - 31. Medidas de tutela preventiva del crédito(cont.). Acciones de integración del patrimonio del deudor - 32. Privilegios. Preferencia del embargante - 33. Modificación de las obligaciones en general - 34. Transmisión de las obligaciones - 35. La extinción de las obligaciones. Aspectos generales - 36. Compensación - 37. Confusión - 38. Novación - 39. Dación en pago - 40. Renuncia a los derechos y remisión de la deuda - 41. Transacción - 42. Previsión liberatoria o extintiva - 43. Caducidad de los derechos - 44. Las diversas fuentes - | ||
| 041 | _aspa | ||
| 942 | _cBK | ||
| 590 | _aniveau_biblio:m niveau_hierar:0 | ||
| 100 | 1 | _aOssola, Federico A. | |
| 856 | 4 | 1 |
_uhttp://www.biblioeco.unsa.edu.ar/pmb/images/libros/L129407.jpg _yImagen de portada _qimage/jpeg |
| 999 |
_c8209 _d8209 |
||